000 00525cam a22001457a 4500
008 180718b1998 xxu||||| |||| 00| 0 eng d
082 _aA81x54 91/1/PT5D/8/PT2
100 _aCensus of India 1991
245 _aIndia: migration tables
260 _aDelhi
_bThe Controller of Publications
_c1998
300 _a673+p.
440 _aCensus of India 1991. Series-1, India. Part V-D, Series, volume-8, Part 2
500 _aContents: Tables D-16 part B (India, states and union territories)
650 _aMigration, Internal - India
999 _c486613
_d486613